000
00315nam a22001337a 4500
020
_a
1-8442-2696-4
082
_a
823
_b
REA/B
100
_a
READER COLIN
245
_a
THE BEAST OF BABBLEBOROOK
_b
LITTLE RED TRACTOR
260
_a
ITALY
_b
LADY BIRD
300
_a
29
650
_a
ENGLISH SHORT STORY
_z
ITALY
942
_c
BK
999
_c
2149
_d
2149